000 01201nam a22001937a 4500
003 JO-AjAnu
005 20240918114223.0
008 240918b jo ||||| |||| 00| 0 ara d
040 _aJO-AjAnu
_cJO-AjAnu
041 _aARA
100 1 _aالصمادي، علي ابراهيم علي
_966208
_eمعد
245 0 _aاثر المحاسبة الإبداعية على التهرب الضريبي في الشلركات الخدمية من وجهة نظر مدققي دائرة الدخل والمبيعات الأردنية = The Impact of Creative Accounting on Tax Evasion in Service Companies from the point of View of Auditors of the Jordanian Income and Sales Tax Department/
_cإعداد علي ابراهيم علي الصمادي ؛ إشراف مأمون محمد القضاة.
260 _c2024
300 _a77 ورقة
500 _aرسالة جامعية (ماجستير) .- جامعة عجلون الوطنية (عجلون، الأردن)، كلية الأعمال، تخصص المحاسبة ، 2024
650 7 0 _aالمحاسبة - اخلاقيات - الشركات الخدمية
_966209
700 1 _aالقضاة، مأمون محمد
_965625
_eمشرف
942 _2lcc
_cTHS
_n0
999 _c33686
_d33686